| 000 | 00690nam a22001575i 4500 | ||
|---|---|---|---|
| 001 | 173996 | ||
| 003 | ES-MaACL | ||
| 005 | 20240515063130.0 | ||
| 008 | 100204s1838 sp |||| | spa d | ||
| 100 | 1 |
_aEscosura, Patricio de la, _d1807-1878 _947617 |
|
| 245 | 1 | 3 |
_aLa aurora de Colón _b: drama en cuatro actos, escrito en diferentes metros / _cpor Patricio de la Escosura. |
| 260 |
_aMadrid : _b[s.n.], _c1838 ( _fImp. de Yenes) |
||
| 300 |
_a84 p. ; _c18 cm. |
||
| 852 |
_aES-MaACL _jF-8639(5) _z.- Enc. pasta española _q.- Falto de la cub. original _z.- Enc. en un vol. facticio formando parte de la col. facticia "Teatro español moderno", vol. 96 |
||
| 999 |
_c173996 _d173996 |
||